Eurooppaa lähimpänä olevat valtiot - Statistics

Yleistilastot
  • Tätä visaa on pelattu 2 346 kertaa
  • Keskiarvotulos 16 / 20
Vastaustilastot
Kilometrit Valtio % Oikein
0 Turkki
96%
363 Egypti
92%
14 Marokko
91%
725 Israel
88%
153 Algeria
85%
0 Georgia
83%
511 Irak
83%
625 Syyria
83%
70 Tunisia
83%
165 Iran
82%
259 Libya
81%
110 Armenia
80%
0 Kazakstan
79%
0 Azerbaidžan
77%
392 Kypros
77%
970 Saudi-Arabia
76%
789 Jordania
73%
713 Libanon
73%
321 Turkmenistan
67%
535 Uzbekistan
65%
Ehtoja vastaavia visoja ei löytynyt
Tulosjakauma
Jokaisen tuloksen saaneiden osuus
Persentiili vastausten määrän mukaan
Tuloshistoriasi
Et ole pelannut tätä visaa